Green plants: their origin and diversity (Record no. 64074)

MARC details
000 -LEADER
fixed length control field 00870nam a2200301Ia 4500
003 - CONTROL NUMBER IDENTIFIER
control field OSt
005 - DATE AND TIME OF LATEST TRANSACTION
control field 20220912151228.0
008 - FIXED-LENGTH DATA ELEMENTS--GENERAL INFORMATION
fixed length control field 220909b |||||||| |||| 00| 0 eng d
020 ## - INTERNATIONAL STANDARD BOOK NUMBER
International Standard Book Number 0521646731 (pbk)
037 ## - SOURCE OF ACQUISITION
Terms of availability Textbook
040 ## - CATALOGING SOURCE
Original cataloging agency CSL
Language of cataloging eng
Transcribing agency CSL
041 ## - LANGUAGE CODE
Language code of text/sound track or separate title eng
100 ## - MAIN ENTRY--PERSONAL NAME
Personal name Bell Peter R
245 #0 - TITLE STATEMENT
Title Green plants: their origin and diversity
250 ## - EDITION STATEMENT
Edition statement 2
260 ## - PUBLICATION, DISTRIBUTION, ETC.
Place of publication, distribution, etc. Cambridge
Name of publisher, distributor, etc. Cambridge University Press
Date of publication, distribution, etc. 2000
300 ## - PHYSICAL DESCRIPTION
Extent vii, 349p.
Dimensions cm.
500 ## - GENERAL NOTE
General note Glossary 317-326p; Bibliographical references 327-329p.
-- cm.; Index 331-349p.
-- cm.
650 ## - SUBJECT ADDED ENTRY--TOPICAL TERM
Topical term or geographic name entry element Plant science
700 ## - ADDED ENTRY--PERSONAL NAME
Personal name Hemsley Alan R
942 ## - ADDED ENTRY ELEMENTS (KOHA)
Classification part I, N2;P0 TI
Koha item type Textbook
Source of classification or shelving scheme Colon Classification (CC)
Holdings
Withdrawn status Lost status Damaged status Not for loan Home library Current library Date acquired Source of acquisition Total Checkouts Full call number Barcode Date last seen Price effective from Koha item type
        Central Science Library Central Science Library 2022-09-12 Biotek,   I N2;P0 TI SL1175689 2022-09-12 2022-09-12 Textbook
Copyright @ Delhi University Library System